History Quiz

Random History or Famous Quiz

Famous Americans by Nickname Quiz Stats

 Plays Quiz Updated Mar 8, 2012

Challenge
Share
Tweet
Embed
Score 0/44 Timer 10:00
0 Plays Today
Nickname American figure % Correct
Father of His CountryGeorge Washington
91%
The Great EmancipatorAbraham Lincoln
84.6%
The Sage of MonticelloThomas Jefferson
84.1%
IkeDwight D. Eisenhower
82.7%
Old HickoryAndrew Jackson
70%
The Trust BusterTheodore Roosevelt
68.8%
Ol' Blue EyesFrank Sinatra
67.5%
The Sultan Of SwatBabe Ruth
64.4%
Old Sink or SwimJohn Adams
61.4%
Father of the American RevolutionSamuel Adams
60.4%
King of the Wild FrontierDavy Crockett
56.3%
Father of the ConstitutionJames Madison
55.1%
ScarfaceAl Capone
52%
The Greatest Showman on EarthP. T. Barnum
52%
The Wizard of Menlo ParkThomas Edison
51.4%
SatchmoLouis Armstrong
50.6%
Buffalo BillWilliam Cody
46.3%
Old TippecanoeWilliam Henry Harrison
44.1%
The Moses of Her PeopleHarriet Tubman
41.5%
The Father of the Atomic BombJ. Robert Oppenheimer
40.7%
Old Rough and ReadyZachary Taylor
37.4%
Father of TexasStephen F. Austin
36.8%
Nickname American figure % Correct
The Brown BomberJoe Louis
33.5%
Old Blood and GutsGeorge Patton
32.9%
The Velvet FogMel Torme
28.6%
Angel of the BattlefieldClara Barton
28.3%
The First Lady of SongElla Fitzgerald
27.8%
Lady LindyAmelia Earhart
27.3%
PapaErnest Hemingway
26.3%
The Great CompromiserHenry Clay
26.2%
The Lone EagleCharles Lindbergh
26%
The KingfishHuey Long
22.1%
First Lady of CinemaKatharine Hepburn
21.2%
Good Gray PoetWalt Whitman
19.1%
The People's TycoonHenry Ford
19%
First Lady of the American TheatreHelen Hayes
18.2%
The Little MagicianMartin Van Buren
17.6%
Lady DayBillie Holiday
16.6%
The King of HollywoodClark Gable
15.3%
The Little GiantStephen A. Douglas
14.6%
The Belle of AmherstEmily Dickinson
14.5%
The Great NullificatorJohn C. Calhoun
14.2%
Tail-Gunner JoeJoseph McCarthy
13.3%
The Great CommonerWilliam Jennings Bryan
8.7%

You're not logged in!

Compare scores with friends on all Sporcle quizzes.
Join for Free
OR
Log In

You Might Also Like...

Show Comments

Extras

Top Quizzes Today


Score Distribution

Your Account Isn't Verified!

In order to create a playlist on Sporcle, you need to verify the email address you used during registration. Go to your Sporcle Settings to finish the process.

Report this User

Report this user for behavior that violates our Community Guidelines.

Details: